书目信息 |
| 题名: |
五十年一瞬间
|
|
| 作者: | 陈沂 著 | |
| 分册: | ||
| 出版信息: | 杭州 浙江人民出版社 1981 |
|
| 页数: | 539页 | |
| 开本: | 19cm | |
| 丛书名: | ||
| 单 册: | ||
| 中图分类: | I211 , I217.2 | |
| 科图分类: | ||
| 主题词: | 文学--作品--中国--现代--选集 , 文学--作品集--中国 | |
| 电子资源: | ||
| ISBN: | ||
| 000 | 00613nam0 2200241 45 | |
| 001 | 0181010646 | |
| 005 | 20060721151926.76 | |
| 010 | @dCNY1.27 | |
| 091 | @a10103.225 | |
| 100 | @a19960215d1981 em y0chiy0121 ea | |
| 101 | 0 | @achi |
| 102 | @aCN@b330000 | |
| 105 | @ay z 000yy | |
| 200 | 10 | @a五十年一瞬间@Awu shi nian yi shun jian@f陈沂著 |
| 210 | @a杭州@c浙江人民出版社@d1981 | |
| 215 | @a539页@d19cm | |
| 606 | @a文学@x作品@y中国@z现代@x选集 | |
| 606 | 0 | @a文学@x作品集@x中国 |
| 690 | @aI211 | |
| 690 | @aI217.2@v3 | |
| 701 | 0 | @a陈沂@Achen yi@4著 |
| 801 | 0 | @aCN@bNLC@c20060721 |
| 905 | @dI211@e70 | |
| 五十年一瞬间/陈沂著.-杭州:浙江人民出版社,1981 |
| 539页;19cm |
| ISBN :CNY1.27 |
| ● |
| 相关链接 |
|
|
|
|
正题名:五十年一瞬间
索取号:I211/70
 
预约/预借
| 序号 | 登录号 | 条形码 | 馆藏地/架位号 | 状态 | 备注 |
| 1 | 0083401 | 000221334 | 密集书库/ [索取号:I211/70] | 在馆 | |
| 2 | 0083402 | 000221343 | 第二借阅区/ [索取号:I211/70] | 在馆 | |
| 3 | 0083403 | 000221389 | 第一样本阅览室/ [索取号:I211/70] | 在馆 | |
| 4 | 0427182 | 204271821 | 密集书库/ [索取号:I211/70] | 在馆 |